Induction of mannanase, xylanase, endoglucanase activities in sclerotium rolfsii /

Na minha lista:
Detalhes bibliográficos
Outros Autores: Haltrich, Dietmar., Kulbe, Klaus D., Nidetzky, Bernd., Sachslehner, Alois.
Formato: Artigo
Idioma:English
Assuntos:
Tags: Adicionar Tag
Sem tags, seja o primeiro a adicionar uma tag!
Thư viện lưu trữ: Thư viện Trường Đại học Đà Lạt
LEADER 01031nam a2200349 4500
001 DLU090091301
005 ##20091201
040 # # |a DLU  |b eng 
041 # # |a eng 
044 # # |a us 
245 # # |a Induction of mannanase, xylanase, endoglucanase activities in sclerotium rolfsii /  |c Alois Sachslehner ... [et al.]. 
653 # # |a Biosynthesis 
653 # # |a Carbohydrate 
653 # # |a Cellulase 
653 # # |a Disaccharide 
653 # # |a Induction 
653 # # |a Polysaccharide 
653 # # |a Sclerotium rolfsii 
700 # # |a Haltrich, Dietmar. 
700 # # |a Kulbe, Klaus D. 
700 # # |a Nidetzky, Bernd. 
700 # # |a Sachslehner, Alois. 
773 # # |t Applied and Environmental Microbiology  |g Vol. 64, no. 2 (February 1998), p. 594-600 
920 # # |a Phòng Tạp chí -- Trung tâm Thông tin - Thư viện Trường Đại học Đà Lạt 
994 # # |a DLU 
900 # # |a True 
911 # # |a Trương Bảo Trâm Anh 
925 # # |a G 
926 # # |a A 
927 # # |a BB 
980 # # |a Thư viện Trường Đại học Đà Lạt